Etický kódex ISO

Znenie Etického kódexu ISO.

Gespeichert in:
Bibliographische Detailangaben
1. Verfasser: Pernecká, Ľubica
Format: Buchkapitel
Sprache:Slowakisch
Schlagworte:
Tags: Tag hinzufügen
Keine Tags, Fügen Sie das erste Tag hinzu!

MARC

LEADER 00000naa$a2200000$$$4500
001 0023408
005 20230511073544.6
041 0 |a slo 
044 |a SK 
245 1 0 |a Etický kódex ISO  |c Ľubica Pernecká 
520 |a Znenie Etického kódexu ISO. 
610 2 0 |a harmonizácia 
610 2 0 |a normy ISO 
610 2 0 |a organizácie medzinárodné 
610 2 0 |a kódexy etické 
610 2 0 |a normalizácia 
610 2 0 |a normy medzinárodné 
610 2 0 |a krajiny vyspelé 
100 1 |a Pernecká, Ľubica